000 00301nam a22001337a 4500
008 170928b xxu||||| |||| 00| 0 eng d
020 _a9780735562448
041 _aeng
080 _22ND
_a37
100 _a47
101 _aEDU
245 _aPROFESSIONAL RESPONSIBILITY
_cWENDEL,W.B
942 _2udc
_cBK
999 _c30562
_d30562